Score 0/10 Timer 10:00
0 Plays Today
% Correct
One Piece
95.1%
Attack on Titan
75.6%
My Hero Academia
73.2%
Haikyu!!
58.5%
The Seven Deadly Sins
58.5%
Tokyo Ghoul:re
56.1%
That Time I Got Reincarnated as a Slime
53.7%
Slam Dunk
51.2%
Kingdom
51.2%
The Promise Neverland
51.2%

You're not logged in!

Compare scores with friends on all Sporcle quizzes.
OR
Log In

Sporcle TV

Today on Sporcle TV


Watch our educational content, quiz creation guides, and fun videos on Sporcle TV.

Show Comments

Extras

Top Quizzes Today


Score Distribution

Paid Content

Your Account Isn't Verified!

In order to create a playlist on Sporcle, you need to verify the email address you used during registration. Go to your Sporcle Settings to finish the process.

Report this User

Report this user for behavior that violates our Community Guidelines.

Details: